000 00695nam a2200169Ia 4500
005 20250423095938.0
008 250422s9999 xx 000 0 und d
020 _a0582528518
050 _aPR 2877 .L33 .C48/
245 0 _aLambs "Tales from Shakespear
260 _aHarlow
260 _bLongman
260 _c2009
300 _a127 p
650 _aLamb, Charles, 1775-1834. Tales from Shakespeare. Lamb, Mary, 1764-1847--Criticism and interpretation. Shakespeare, William, 1564-1616--Adaptations. Shakespeare, William, 1564-1616--Stories, plots, etc. Children's literature, English--History and criticism. Children--Books and reading--Great Britain--History--19th century.
942 _cBK
999 _c31812
_d31812